Tilastot visalle Suomen maakunnat

Klikkaa tästä pelataksesi tätä visaa!

Yleistilastot

  • Tätä visaa on pelattu 1 719 kertaa
  • Keskiarvotulos 16 / 19

Vastaukset kartalla

Vastauksille on annettu kartalla punavihreä väri sen mukaan, kuinka moni on saanut sen oikein.
 

Vastaustilastot

Maakunta% Oikein
Lappi
99%
Uusimaa
95%
Pohjois-Pohjanmaa
93%
Pohjois-Karjala
90%
Etelä-Pohjanmaa
89%
Keski-Suomi
89%
Etelä-Karjala
88%
Pohjanmaa
88%
Ahvenanmaa
86%
Etelä-Savo
86%
Pohjois-Savo
86%
Pirkanmaa
85%
Kainuu
84%
Keski-Pohjanmaa
83%
Varsinais-Suomi
82%
Satakunta
79%
Kanta-Häme
78%
Päijät-Häme
74%
Kymenlaakso
71%

Tulosjakauma

Persentiili vastausten määrän mukaan

Jokaisen tuloksen saaneiden osuus

Tuloshistoriasi

Et ole pelannut tätä visaa